El Pensamiento político y la paz mundial /
Furkejuvvon:
| Váldodahkki: | |
|---|---|
| Materiálatiipa: | Texto |
| Fáttát: | |
| Fáddágilkorat: |
Lasit fáddágilkoriid
Eai fáddágilkorat, Lasit vuosttaš fáddágilkora!
|
MARC
| LEADER | 00000 a a2200000 04500 | ||
|---|---|---|---|
| 001 | 12667 | ||
| 003 | |||
| 040 | |||
| 100 | |a González Casanova, Pablo | ||
| 245 | |a El Pensamiento político y la paz mundial / |c Pablo González Casanova | ||
| 650 | |a IDEOLOGIAS POLITICAS | ||
| 650 | |a POLITICA EXTERIOR | ||
| 650 | |a PODER POLITICO | ||
| 650 | |a POLITICA DE DEFENSA | ||
| 650 | |a ARMAMENTISMO | ||
| 650 | |a MANTENIMIENTO DE LA PAZ | ||
| 650 | |a GEOGRAFIA POLITICA | ||
| 650 | |a INTERVENCION EXTRANJERA | ||
| 650 | |a IMPERIALISMO | ||
| 773 | |g número 16; páginas 5-11 | ||
| 999 | |c 33858 |d 33858 | ||
